00356aas a2200097 4500008004100000245001300041260009800054942000700152952008400159999001500243240130b |||||||| |||| 00| 0 eng d aOur Laws bThe department of women and child development, Ministry of Human resource development, c1992 cCR 00102ddc4070aMAINbMAINd2024-01-30l0pRAF4925r2024-01-30w2024-01-30yCR c4697d4697